History Quiz

Random History Quiz

Hitler's Cabinet Quiz Stats

Quiz not verified by Sporcle

Challenge
Share
Tweet
Embed
Score 0/35 Timer 20:00
0 Plays Today
% Correct
Heinrich Himmler
88.6%
Hermann Göring
84.5%
Joseph Goebbels
78.1%
Rudolf Hess
56.1%
Albert Speer
54.2%
Joachim von Ribbentrop
40.1%
Karl Dönitz
38.7%
Wilhelm Keitel
30.9%
Franz von Papen
30.8%
Ernst Röhm
24.3%
Alfred Rosenberg
24%
Hans Frank
22.4%
Hjalmar Schacht
21.5%
Wilhelm Frick
20.8%
Erich Raeder
20.5%
Konstantin Freiherr von Neurath
18.2%
Fritz Todt
15.9%
Werner von Blomberg
14.8%
% Correct
Arthur Seyss-Inquart
14.4%
Werner von Fritsch
10.1%
Alfred Hugenberg
8.9%
Lutz Graf Schwerin von Krosigk
5.2%
Franz Seldte
3.8%
Kurt Schmitt
3.7%
Herbert Backe
3.5%
Bernhard Rust
3.4%
Franz Gürtner
2.9%
Otto Meissner
2.9%
Hanns Kerrl
2.8%
Otto Georg Thierack
2.6%
Julius Dorpmüller
2.5%
Franz Schlegelberger
1.9%
Wilhelm Ohnesorge
1.8%
Paul Freiherr von Eltz-Rübenach
1.5%
Walther von Brauchitsch
0.9%

You're not logged in!

Compare scores with friends on all Sporcle quizzes.
Sign Up with Email
OR
Log In

You Might Also Like...

Show Comments

Extras

Top Quizzes Today


Score Distribution

Your Account Isn't Verified!

In order to create a playlist on Sporcle, you need to verify the email address you used during registration. Go to your Sporcle Settings to finish the process.